00385nam a2200133Ia 4500008004100000020001500041041001200056082001600068100001800084245008800102260003700190300000800227650001600235221030s9999 xx 000 0 und d a8187522399 aEnglish a105.23bSal aR. S. Salaria 0aProgramming in Fortran With Applications To Science & Engineeringcby R. S. Salaria bKhanna Book PubaNew Delhic2000 a426 aBE Computer